100 First names of authors - Statistics

General Stats
  • This quiz has been taken 59 times
  • The average score is 61 of 100
Answer Stats
Hint Answer % Correct
Eliot Middlemarch George
100%
Orwell Animal Farm George
100%
Twain The Adventures of Huckleberry Finn Mark
100%
Shelley Frankenstein Mary
100%
Golding The Lord of the Files William
100%
Shakespeare Romeo and Juliet William
100%
Brown The Da Vinci Code Dan
98%
Bronte Wuthering Heights Emily
98%
Austen Pride and Prejudice Jane
98%
Galsworthy The Forsythe Saga John
98%
Grisham The Pelican Brief John
98%
Steinbeck The Grapes of Wrath John
98%
Hawking A Brief History of Time Stephen
98%
King It Stephen
98%
Hugo Les Miserables Victor
98%
Joyce Ulysses James
96%
Patterson Alex Cross James
96%
Dickens Great Expectations Charles
94%
Lee To Kill a Mockingbird Harper
94%
Christie And Then there were None Agatha
92%
Hemingway The Old Man and the Sea Ernest
92%
Tolstoy War and Peace Leo
92%
Fleming Thunderball Ian
90%
McEwan Atonement Ian
90%
Verne Around the World in 80 Days Jules
90%
Carroll Alice's Adventures in Wonderland Lewis
90%
Atwood The Handmaid's Tale Margaret
90%
Bronte Jane Eyre Charlotte
88%
Defoe Robinson Crusoe Daniel
88%
Dahl Charlie and the Chocolate Factory Roald
88%
Woolf To the Lighthouse Virginia
88%
Bradbury Fahrenheit 451 Ray
85%
Kipling The Jungle Book Rudyard
85%
Potter The Tale of Peter Rabbit Beatrix
83%
Du Maurier Rebecca Daphne
77%
Swift Gulliver's Travels Jonathan
77%
Hardy The Mayor of Casterbridge Thomas
77%
Huxley Brave New World Aldous
75%
Kafka The Trial Franz
75%
Melville Moby Dick Herman
75%
Conrad Heart of Darkness Joseph
75%
Heller Catch-22 Joseph
75%
Bond A Bear called Paddington Michael
75%
Crighton Jurassic Park Michael
75%
Cleeves The Heron's Cry Ann
71%
Follett The Pillars of the Earth Ken
69%
Rushdie Midnight's Children Salman
69%
Greene Brighton Rock Graham
67%
Benchley Jaws Peter
65%
Cartland Dual of Hearts Barbara
63%
Herbert Dune Frank
63%
Blyton Five go to Smugglers Top Enid
60%
Puzo The Godfather Mario
60%
Pratchett The Colour of Magic Terry
58%
Waugh Vile Bodies Evelyn
56%
Burgess A Clockwork Orange Anthony
54%
Trollope Barchester Towers Anthony
54%
Sewell Black Beauty Anna
52%
Fielding Tom Jones Henry
52%
Donaldson The Gruffalo Julia
52%
Cookson Tilly Trotter Catherine
48%
Rowling Harry Potter and the Philosopher's Stone Joanne
48%
Cornwell Scarpetta Patricia
48%
Mantel Wolf Hall Hilary
46%
Pullman His Dark Materials Philip
46%
Steel Zoya Danielle
44%
Bennett The Uncommon Reader Alan
42%
Titchmarsh Mr MacGregor Alan
42%
Murdoch The Sea, The Sea Iris
42%
Baldacci Absolute Power David
40%
Archer Kane and Abel Jeffrey
40%
Cooper Riders Jilly
40%
Child Jack Reacher Lee
40%
Nabokov Lolita Vladimir
38%
Smith White Teeth Zadie
38%
Amis Lucky Jim Kingsley
33%
Hargreaves Mr Messy Roger
33%
Scott Rob Roy Walter
33%
Francis Crossfire Dick
31%
Simenon Maigret Georges
31%
Graham The Wind in the Willows Kenneth
31%
Flynn Gone Girl Gillian
29%
Morris The Naked Ape Desmond
27%
Spark The Prime of Miss Jean Brodie Muriel
27%
Faulks Birdsong Sebastian
27%
Adams Watership Down Douglas
25%
Briggs The Snowman Raymond
25%
Sheldon The Naked Face Sidney
25%
Collins The Woman in White Wilkie
25%
Robbins The Carpetbagger Harold
23%
Streatfeild Ballet Shoes Noel
23%
Spyri Heidi Johanna
19%
Zusak The Book Thief Markus
19%
Moyes Me Before You Jojo
17%
Ali Brick Lane Monica
17%
Gibbons Cold Comfort Farm Stella
17%
Hill The Various Haunts of Men Susan
17%
MacLean Ice Station Zebra Alistair
13%
Winterson Oranges are Not the Only Fruit Jeanette
13%
Hawkins The Girl on the Train Paula
13%
No matching quizzes found
Score Distribution
Percent of People with Each Score
Percentile by Number Answered
Your Score History
You have not taken this quiz